| 000 | 00733cam a2200253 4500 | ||
|---|---|---|---|
| 001 | 1559243 | ||
| 003 | ARRUPE | ||
| 005 | 20150115134942.0 | ||
| 008 | 840716s1957 nyu 000 0 eng c | ||
| 010 | _a 57012834 /L/r84 | ||
| 035 | _a(OCoLC)ocm00511825 | ||
| 035 | _a(NNC)1559243 | ||
| 040 |
_aDLC/ICU _cCGU _dZCU |
||
| 050 | 0 |
_aQA691 _b.H34 1957 |
|
| 082 | 0 | _a513.8 | |
| 100 | 1 |
_aHalmos, Paul R. _q(Paul Richard), _d1916-2006. _913924 |
|
| 245 | 1 | 0 | _aIntroduction to Hilbert space and the theory of spectral multiplicity. |
| 250 | _a2d ed. | ||
| 260 |
_aNew York, _bChelsea Pub. Co. _c[c1957] |
||
| 300 |
_a114 p. _c24 cm. |
||
| 650 | 0 |
_aSpectral theory (Mathematics) _914046 |
|
| 942 |
_2lcc _cMONOGRAPH |
||
| 999 |
_c121701 _d121701 |
||